LoL Worlds Top 20 2022 - Statistics

General Stats
  • This quiz has been taken 144 times
  • The average score is 16 of 20
Answer Stats
Hint Answer % Correct
6 Faker
99%
13 Keria
95%
5 Oner
94%
2 Gumayusi
93%
8 Deft
92%
4 Zeus
92%
1 Zeka
89%
10 Ruler
88%
7 Beryl
87%
17 Chovy
86%
3 Kingen
85%
11 Pyosik
82%
16 Showmaker
76%
9 369
75%
15 Canyon
72%
19 Peanut
71%
14 Kanavi
68%
12 Yagao
65%
18 Viper
59%
20 Comp
22%
No matching quizzes found
Score Distribution
Percent of People with Each Score
Percentile by Number Answered
Your Score History
You have not taken this quiz